Computing concepts with Java essentials (Record no. 5924)
[ view plain ]
| 000 -LEADER | |
|---|---|
| fixed length control field | 00561 a2200181 4500 |
| 020 ## - INTERNATIONAL STANDARD BOOK NUMBER | |
| International Standard Book Number | 0-471-24371-X |
| 020 ## - INTERNATIONAL STANDARD BOOK NUMBER | |
| International Standard Book Number | 0-471-37980-8 (international ed.) |
| 040 ## - CATALOGING SOURCE | |
| Original cataloging agency | DLC |
| 100 1# - MAIN ENTRY--PERSONAL NAME | |
| Personal name | Horstmann, Cay S., |
| 245 00 - TITLE STATEMENT | |
| Title | Computing concepts with Java essentials |
| Statement of responsibility, etc. | Cay S. Horstmann |
| 250 ## - EDITION STATEMENT | |
| Edition statement | 3. ed. |
| 260 ## - PUBLICATION, DISTRIBUTION, ETC. | |
| Place of publication, distribution, etc. | New York ; |
| -- | Chichester : |
| Name of publisher, distributor, etc. | Wiley, |
| Date of publication, distribution, etc. | cop. 2003 |
| 300 ## - PHYSICAL DESCRIPTION | |
| Extent | xv, 846 s. : |
| Other physical details | ill. |
| 650 #0 - SUBJECT ADDED ENTRY--TOPICAL TERM | |
| Topical term or geographic name entry element | Electronic data processing |
| 650 #0 - SUBJECT ADDED ENTRY--TOPICAL TERM | |
| Topical term or geographic name entry element | Java (Computer program language) |
| 650 #0 - SUBJECT ADDED ENTRY--TOPICAL TERM | |
| Topical term or geographic name entry element | Java (Computer program language) |
| 942 ## - ADDED ENTRY ELEMENTS (KOHA) | |
| Koha item type | Book |
| Call number prefix | 005.133/J HOR |
| Source of classification or shelving scheme | |
| Withdrawn status | Lost status | Damaged status | Not for loan | Collection code | Permanent Location | Current Location | Shelving location | Date acquired | Source of acquisition | Cost, normal purchase price | Total Checkouts | Full call number | Barcode | Date last seen | Date last checked out | Price effective from | Koha item type |
|---|---|---|---|---|---|---|---|---|---|---|---|---|---|---|---|---|---|
| Central Library (CL) | Central Library (CL) | First Floor - Software Engineering/ Programming Language | 01/18/2003 | Allied Book Company | 1989.40 | 1 | 005.133/J HOR | SEECS002966 | 06/16/2021 | 12/27/2019 | 01/05/2017 | Book |
